| 000 | 01927nam a22004937a 4500 | ||
|---|---|---|---|
| 001 | 000095696 | ||
| 003 | CHAP | ||
| 005 | 20220329143121.0 | ||
| 008 | 060515d2006 mx r 00110 spa d | ||
| 010 | _a92162 | ||
| 011 | _a93134 | ||
| 035 | _a103705 | ||
| 040 | _cCHAP | ||
| 090 | _aTesis | ||
| 100 | 1 |
_aMonroy Gutiérrez, Teresa. _977644 |
|
| 245 | 1 | 0 |
_aEstudio de factibilidad técnico económica para la instalación de una planta artesanal de producción mermeladas en delegación Alvaro Obregón, D. F. / _c/por Teresa Monroy Gutiérrez y Rosa María Morales Mercado. |
| 260 |
_aChapingo, Méx. : _bEl autor, _c2006. |
||
| 300 |
_a118 h. : _bilus.; gráfs.; cuadros, diagramas. |
||
| 502 | _aTesis (Ing. Agroindustrial) - - UACH. Departamento de Ingeniería Agroindustrial | ||
| 590 |
_aALEPH _b10 _c20130110 _lUCH01 _h1511 |
||
| 590 |
_aBATCH-UPD _b10 _c20130110 _lUCH01 _h0631 |
||
| 590 |
_aBATCH-UPD _b10 _c20130110 _lUCH01 _h2307 |
||
| 590 |
_aBATCH-UPD _b10 _c20130410 _lUCH01 _h0314 |
||
| 590 |
_aBATCH-UPD _b10 _c20130410 _lUCH01 _h1639 |
||
| 590 |
_aBATCH-UPD _b10 _c20130914 _lUCH01 _h0941 |
||
| 590 |
_aBATCH-UPD _b10 _c20140324 _lUCH01 _h1456 |
||
| 590 |
_aBATCH-UPD _b10 _c20141002 _lUCH01 _h0830 |
||
| 590 |
_aCONVERSION _b10 _c20130109 _lUCH01 _h1351 |
||
| 590 |
_aE11695DGD _b10 _c20130604 _lUCH01 _h1424 |
||
| 590 |
_aE12093SGE _b10 _c20130710 _lUCH01 _h0925 |
||
| 590 |
_aE12093SGE _b10 _c20130710 _lUCH01 _h0926 |
||
| 650 | 1 | 4 |
_aCiruela. _923398 |
| 650 | 1 | 4 |
_aMermelada. _975010 |
| 650 | 1 | 4 |
_aPera _xIndustria. _986973 |
| 650 | 1 | 4 |
_aProyectos _xEvaluación. _992525 |
| 700 | 1 |
_aMorales Mercado, Rosa María. _978336 |
|
| 856 |
_3Finding aid _uhttp://10.13.5.2/tesis/103705.pdf _zTeclea aquí |
||
| 901 | _aBK | ||
| 905 | _aElisama A. H. | ||
| 942 | _cCD | ||
| 942 | _n0 | ||
| 949 |
_aTesis _bBC _cTES _d00000000103705 _eTS1 _h45111 _i103705 _sb |
||
| 949 |
_aTesis _bBC _cTES _d33724000962478 _eTS2 _fc.2 _h45112 _i103705 _si |
||
| 999 |
_c92162 _d92162 |
||